| Tag |
First Indicator |
Second Indicator |
Subfields |
| LEADER |
00000nam a2200000 i 4500 |
| 001 |
in00004744310 |
| 006 |
m o d |
| 007 |
cr cnu---unuuu |
| 008 |
230330s2024 nju o 001 0 eng |
| 005 |
20260214203958.0 |
| 010 |
|
|
|a 2023014966
|
| 020 |
|
|
|a 9781119892885
|q electronic book
|
| 020 |
|
|
|a 1119892880
|q electronic book
|
| 020 |
|
|
|a 9781119892878
|q electronic book
|
| 020 |
|
|
|a 1119892872
|q electronic book
|
| 020 |
|
|
|a 9781119892861
|q electronic book
|
| 020 |
|
|
|a 1119892864
|q electronic book
|
| 020 |
|
|
|z 9781119892854
|q paperback
|
| 035 |
|
|
|a wil6007436
|
| 035 |
|
|
|a (DLC)wil6007436
|
| 040 |
|
|
|a DLC
|b eng
|e rda
|c DLC
|
| 042 |
|
|
|a pcc
|
| 050 |
0 |
0 |
|a RK58
|b .W55 2024
|
| 060 |
0 |
0 |
|a WU 77
|
| 082 |
0 |
0 |
|a 617.0068
|2 23/eng/20230727
|
| 100 |
1 |
|
|a Willis, David O.,
|e author.
|
| 245 |
1 |
0 |
|a Business basics for dentists /
|c James L. Harrison, David O. Willis, Charles K. Thieman.
|
| 250 |
|
|
|a Second edition.
|
| 264 |
|
1 |
|a Hoboken, New Jersey :
|b Wiley-Blackwell,
|c [2024]
|
| 300 |
|
|
|a 1 online resource
|
| 336 |
|
|
|a text
|b txt
|2 rdacontent
|
| 337 |
|
|
|a computer
|b c
|2 rdamedia
|
| 338 |
|
|
|a online resource
|b cr
|2 rdacarrier
|
| 500 |
|
|
|a David O. Willis's name appear first in the previous edition.
|
| 500 |
|
|
|a Includes index.
|
| 520 |
|
|
|a "Rather than presenting a rote checklist of steps for success, Business Basics for Dentists, Second Edition describes business, economic, marketing, and management principles and explains how to apply them to dental practice. Now fully updated throughout, this book provides the essential elements of a business course--management principles, economics, business finance, and financial analysis--without getting bogged down in too much detail. Dental students and new practitioners will learn how to use the core strategic and operational business philosophies to develop an effective dental practice. The business management principles are related to various aspects of running and managing a dental practice, including office communications, billing, inventory, and marketing. All aspects of practice transition are approached, including career opportunities, buying a practice, starting a new practice, multi-practitioner arrangements, practice valuation, and planning and developing a practice. The book also covers personal financial planning to ensure that the dentist is also planning for their finances and retirement beyond the bounds of the practice. Focusing on the transition period from a dental student, through corporate employee, to ownership, Business Basics for Dentists is a valuable tool for dental students and professionals seeking to further their career path through actionable advice from experts in the field"--
|c Provided by publisher.
|
| 588 |
|
|
|a Description based on online resource; title from digital title page (viewed on September 28, 2023).
|
| 650 |
|
0 |
|a Dentistry
|x Practice.
|
| 650 |
|
0 |
|a Dentistry
|x Practice
|x Finance.
|
| 650 |
|
0 |
|a Dental offices
|x Management.
|
| 650 |
1 |
2 |
|a Practice Management, Dental.
|
| 700 |
1 |
|
|a Harrison, James L.
|c (Dentist),
|e author.
|
| 700 |
1 |
|
|a Thieman, Charles K.,
|e author.
|
| 776 |
0 |
8 |
|i Print version:
|a Willis, David O.
|t Business basics for dentists
|b Second edition.
|d Hoboken, NJ : Wiley-Blackwell, 2024
|z 9781119892854
|w (DLC) 2023014965
|
| 856 |
4 |
0 |
|u http://proxy.library.tamu.edu/login?url=https://onlinelibrary.wiley.com/book/10.1002/9781119892885
|z Connect to the full text of this electronic book
|t 0
|
| 955 |
|
|
|a Wiley EBA record
|
| 975 |
|
|
|p Wiley UBCM Full Collection 2026
|
| 999 |
f |
f |
|s c73ddfd2-2be2-4a17-8ef3-8825b00ba42f
|i 503380c7-f8cd-431d-ac77-2b7c814b10e7
|t 0
|
| 952 |
f |
f |
|a Texas A&M University
|b College Station
|c Electronic Resources
|s evans_pda
|d Available Online
|t 0
|e RK58 .W55 2024
|h Library of Congress classification
|
| 998 |
f |
f |
|a RK58 .W55 2024
|t 0
|l Available Online
|